000 03559cam a2200409 4500500
005 20251228045447.0
041 _afre
042 _adc
100 1 0 _aDouba, Alfred
_eauthor
700 1 0 _aAka, Lepri Bernadin Nicaise
_eauthor
700 1 0 _aYao, Gnissan Henri Auguste
_eauthor
700 1 0 _aZengbé-Acray, Pétronille
_eauthor
700 1 0 _aAkani, Bangaman Christian
_eauthor
700 1 0 _aKonan, N’Guessan
_eauthor
245 0 0 _aFacteurs sociodémographiques associés à la vaccination incomplète des enfants de 12 à 59 mois dans six pays d’Afrique de l’ouest
260 _c2015.
500 _a32
520 _aChaque année, des milliers d’enfants restent non vaccinés ou partiellement vaccinés dans le monde en général, et particulièrement dans les pays en développement. Il nous est donc paru nécessaire d’examiner les facteurs sociodémographiques associés à la vaccination incomplète des enfants en Afrique de l’Ouest. Notre travail est une étude transversale à visée descriptive et analytique portant sur les facteurs sociodémographiques associés à la vaccination incomplète des enfants âgée de 12 à 59 en Côte d’Ivoire, au Ghana, au Burkina Faso, au Mali, en Guinée, et au Liberia. Les données utilisées dans cette étude sont des données issues des Enquêtes Démographiques et de Santé. Il ressort de ce travail que la naissance à domicile, l’absence d’accès des mères aux media, la non-pratique d’une religion, la pauvreté des familles, et l’analphabétisme des mères étaient des facteurs de risque de vaccination incomplète des enfants. L’atteinte des objectifs de couverture vaccinale des enfants-cibles du PEV nécessite la prise en compte des résultats de cette étude dans l’élaboration des politiques et stratégies de vaccination dans les pays inclus dans ce travail.
520 _aSociodemographic factors associated with incomplete immunization of children aged 12 to 59 months in six West African countries Every year, thousands of children worldwide remain unimmunized or partially immunized, especially in developing countries. It therefore appears important to examine socio-demographic factors associated with incomplete immunization of children in West Africa. The present cross-sectional study examined factors associated with incomplete immunization of children aged 12 to 59 months in Côte d’Ivoire, Ghana, Burkina Faso, Mali, Guinea, and Liberia, based on Demographic and Health Surveys data. The findings of the study showed that birth at home, absence of access of mothers to media, no religion, poverty, and illiteracy were associated with incomplete immunization of children. Health officials should take these immunization status predictors into account when making policies and immunization strategies in countries included in this study in order to achieve immunization coverage targets.
690 _aAfrique de l’Ouest
690 _aenfant
690 _aétudes épidémiologiques
690 _afacteurs socioéconomiques
690 _aimmunisation
690 _anourrison
690 _avaccination de masse
690 _aAfrica
690 _achild
690 _aepidemiological studies
690 _aimmunization
690 _ainfant
690 _amass vaccination
690 _asocioeconomic factors
690 _awestern
786 0 _nSanté Publique | 27 | 4 | 2015-10-22 | p. 575-584 | 0995-3914
856 4 1 _uhttps://stm.cairn.info/revue-sante-publique-2015-4-page-575?lang=fr&redirect-ssocas=7080
999 _c1578582
_d1578582